000 00507nam a22001937a 4500
003 KOHA_MİRAKIL
005 20250926132428.0
008 250926b tu ||||| |||| 00| 0 tur d
020 _a9786059328562
040 _aTR-AnABB
_btur
_cTR-AnABB
041 _atur
082 _a700.1
_bFAR 2020
100 1 _aFarago, France,
245 1 0 _aSanat /
_cFrance Farago
260 _aİstanbul :
_bDoğu Batı Yayınları,
_c2020
300 _a267 sayfa ;
_c24 cm
650 0 0 _aSanat
942 _2ddc
_cBK
999 _c8921
_d8921
900 _bGizem YORULMAZ